书目信息 |
| 题名: |
电影放映的光技术
|
|
| 作者: | Ирский , 伊尔斯基 著 ;郁有铭 译 | |
| 分册: | ||
| 出版信息: | 北京 中国电影出版社 1979 |
|
| 页数: | 284页 | |
| 开本: | 20cm | |
| 丛书名: | ||
| 单 册: | ||
| 中图分类: | J943.3 | |
| 科图分类: | ||
| 主题词: | 电影放映技术 , 光学-电影放映 , 电影放映-光学 | |
| 电子资源: | ||
| ISBN: | ||
| 000 | 00771nam2 2200265 45 | |
| 001 | 0179002819 | |
| 005 | 20060913171231.73 | |
| 010 | @dCNY1.45 | |
| 091 | @aCN@b15061.147 | |
| 100 | @a19950801d1979 em y0chiy0121 ea | |
| 101 | 1 | @achi@crus |
| 102 | @aCN@b110000 | |
| 105 | @ay z 000yy | |
| 200 | 10 | @a电影放映的光技术@Adian ying fang ying de guang ji shu@f(苏)伊尔斯基(Г.Л.Ирский)著@g郁有铭译 |
| 210 | @a北京@c中国电影出版社@d1979 | |
| 215 | @a284页@d20cm | |
| 606 | @a电影放映技术 | |
| 606 | @a光学-电影放映 | |
| 606 | @a电影放映-光学 | |
| 690 | @aJ943.3@v3 | |
| 701 | A1 | @aИрский@bГ.Л.@4著 |
| 701 | 1 | @a伊尔斯基@Ayi er si ji@bГ.Л.@4著 |
| 702 | 0 | @a郁有铭@Ayu you ming@4译 |
| 801 | 0 | @aCN@bTSSF@c20060913 |
| 905 | @a10447@dJ943.3@e127 | |
| 电影放映的光技术/(苏)伊尔斯基(Г.Л.Ирский)著/郁有铭译.-北京:中国电影出版社,1979 |
| 284页;20cm |
| ISBN :CNY1.45 |
| ● |
| 相关链接 |
|
|
|
|
正题名:电影放映的光技术
索取号:J943.3/127
 
预约/预借
| 序号 | 登录号 | 条形码 | 馆藏地/架位号 | 状态 | 备注 |
| 1 | 0437875 | 204378752 | 密集书库/ [索取号:J943.3/127] | 在馆 | |
| 2 | 0466956 | 204669563 | 密集书库/ [索取号:J943.3/127] | 在馆 | |
| 3 | 0474360 | 204743607 | 密集书库/ [索取号:J943.3/127] | 在馆 |